Markets (Record no. 84301)

MARC details
000 -LEADER
fixed length control field 00832cab a22002055a 4500
001 - CONTROL NUMBER
control field L157212
008 - FIXED-LENGTH DATA ELEMENTS--GENERAL INFORMATION
fixed length control field 120925e20120921xxk 000 0 eng d
035 ## - SYSTEM CONTROL NUMBER
System control number (Sirsi) u157212
041 0# - LANGUAGE CODE
Language code of text/sound track or separate title eng
100 1# - MAIN ENTRY--PERSONAL NAME
Personal name Sandher, Hardeep
245 00 - TITLE STATEMENT
Title Markets
Remainder of title Midtown
260 ## - PUBLICATION, DISTRIBUTION, ETC.
Date of publication, distribution, etc. 2011
490 #0 - SERIES STATEMENT
Series statement Property Week
Volume/sequential designation 78(38) 21 September 2012, 53-56(4)
520 ## - SUMMARY, ETC.
Summary, etc. The influx of overseas investors in Midtown have elevated prices leading to an increase in transactions and a decrease in yields. Lists 13 speculative office development schemes currently due to be completed by end of June 2013. HMRC is expected to vacate Somerset House by March 2013 leading to speculation of possible redevelopment as a hotel.
590 ## - LOCAL NOTE (RLIN)
Local note KA
651 #4 - SUBJECT ADDED ENTRY--GEOGRAPHIC NAME
Geographic name London
690 ## - LOCAL SUBJECT ADDED ENTRY--TOPICAL TERM (OCLC, RLIN)
Topical term or geographic name as entry element Commercial property
9 (RLIN) 6227
690 ## - LOCAL SUBJECT ADDED ENTRY--TOPICAL TERM (OCLC, RLIN)
Topical term or geographic name as entry element Investments
9 (RLIN) 6250
942 ## - ADDED ENTRY ELEMENTS (KOHA)
Suppress in OPAC 0
Holdings
Withdrawn status Lost status Source of classification or shelving scheme Damaged status Not for loan Home library Current library Shelving location Date acquired Total Checkouts Full call number Barcode Date last seen Copy number Price effective from Koha item type
    Dewey Decimal Classification     Virtual Virtual Journal article 25/09/2012   L157212 157212-2001 06/08/2019 1 06/08/2019 Journal article